| 000 | 00643nam a2200205Ia 4500 | ||
|---|---|---|---|
| 003 | IN-BaIIA | ||
| 008 | 211028s9999 xx 000 0 eng d | ||
| 040 | _cIIA Library | ||
| 080 |
_a524.3-852 _bWOO |
||
| 100 |
_aWoolley, R. V. D. R. _91449 |
||
| 245 | 4 |
_aThe outer layers of a star _cWoolley R. V. D. R. and Stibbs, D. W. N. |
|
| 260 |
_aOxford _bThe Clarendon Press _c1953 |
||
| 300 | _axi, 306p. | ||
| 490 | _aThe International series of monographs on physics | ||
| 650 | _aAstronomy and astrophysics thesaurus | ||
| 650 |
_aStellar atmospheres _91135 |
||
| 650 | _aStellar evolution | ||
| 700 |
_aStibbs, D. W. N. _95593 |
||
| 942 | _cBK | ||
| 999 |
_c3152 _d3152 |
||